Biblioteka Instytutu Północnego w Olsztynie

Widok standardowy Widok MARC

Pozycja Personal Name

Liczba rekordów, w których użyto hasła: 1

001 - Numer kontrolny

  • control field: 39312

003 - Identyfikator numeru kontrolnego

  • control field: NUKAT

005 - Data i czas ostatniej modyfikacji

  • control field: 20260331114816.0

008 - Dane kontrolne kodowane (40 znaków)

  • fixed length control field: 200201n||a|znnaabn |a aaa |c

010 ## - Numer kontrolny Biblioteki Kongresu

  • numer kontrolny LC: n 2020100453

024 7# - OTHER STANDARD IDENTIFIER

  • Standard number or code: 42158367843601282459
  • Source of number or code: viaf

040 ## - Instytucja sporządzająca rekord

  • inst. przygot. dane do rek. khw: TOR U/KBu
  • język haseł przedmiotowych/tezaurus: kaba
  • inst. wprow. rek. khw: TOR U/TL

043 ## - Kod obszaru geograficznego

  • ISO code: PL

099 ## - Sygnatura lokalna

  • sygnatura: n (hh)20tl615

100 1# - Hasło - nazwa osobowa

  • nazwa osobowa w formie ujednoliconej: Wiergowski, Grzegorz.

370 ## - Associated place

  • Country: Polska.
  • Auth control #: http://nukat.edu.pl/aut/s 94110000
  • Source of term: kaba

370 ## - Associated place

  • Residence/HQ: Rybno (Polska, powiat działdowski).
  • Auth control #: http://nukat.edu.pl/aut/s 2007231536
  • Source of term: kaba

372 ## - Field of activity

  • Field: Nauczanie.
  • Auth control #: http://nukat.edu.pl/aut/s 95012024
  • Source of term: kaba

372 ## - Field of activity

  • Field: Historia.
  • Auth control #: http://nukat.edu.pl/aut/s 94205867
  • Source of term: kaba

372 ## - Field of activity

  • Field: Filologia polska.
  • Auth control #: http://nukat.edu.pl/aut/s 94013239
  • Source of term: kaba

374 ## - Occupation

  • Occupation: Historycy.
  • Auth control #: http://nukat.edu.pl/aut/s 94205772
  • Source of term: kaba

374 ## - Occupation

  • Occupation: Nauczyciele.
  • Auth control #: http://nukat.edu.pl/aut/s 96012934
  • Source of term: kaba

375 ## - Gender

  • Gender: 1
  • Source of term: iso5218

377 ## - Assoc lang

  • Lang code: pol

670 ## - Źródło informacji

  • źródło informacji: Kp. Parafia Gronowo k. Torunia : sytuacja gospodarcza i ludnościowa od połowy XVIII wieku do początku XX wieku / Grzegorz Wiergowski // Studia Pelplińskie. 23 (1992), s. 303-312.

670 ## - Źródło informacji

  • źródło informacji: Szkoła Podstawowa w Rumianie, 31.01.2020
  • gdzie znaleziono informację: (historyk)
  • adres internetowy: https://sprumian.pl/relacja-z-europejskich-dni-dziedzictwa,38,pl

670 ## - Źródło informacji

  • źródło informacji: Szkoła Podstawowa w Rumianie, 31.01.2020
  • gdzie znaleziono informację: (nauczyciel języka polskiego)
  • adres internetowy: https://sprumian.pl/nauczyciele,60,pl

670 ## - Źródło informacji

  • źródło informacji: Informacja własna, 31.01.2020
  • gdzie znaleziono informację: (Rybno)

675 ## - Źródło nie podające informacji

  • wskazanie źródła: BNPol online,
  • wskazanie źródła: OPI online, 30.01.2020
Biblioteka Instytutu Północnego, ul. Partyzantów 87, 10-402 Olsztyn, email: biblioteka(at)ip.olsztyn.pl